| 000 | 00518nam a2200145 4500 | ||
|---|---|---|---|
| 999 |
_c10909 _d10909 |
||
| 008 | 180926b ||||| |||| 00| 0 eng d | ||
| 022 | _a2094-8042 | ||
| 082 | _aDPer 370.105 M72 Jan-Dec 2011 v59-60 | ||
| 100 |
_931718 _aAntonio, Billy T. |
||
| 245 |
_aKarapatan ng bata: _bmapagkalooban ng mahuhusay na babasahin/ _cBilly T. Antonio. |
||
| 260 |
_aPhilippines: _bIn the Grade School, Inc., _cc2011. |
||
| 300 |
_av60 n5, pages 212-213: _billustrations; _c27cm. |
||
| 650 | 0 |
_931719 _aBooks _xReading. |
|
| 942 |
_2ddc _cPER |
||